Proceedings of a symposium on sorghum and millets for human food : held at the 9th congress of the International Association for Cereal Chemistry in Vienna 11-12th May, 1976 /

Guardado en:
Autor Corporativo: International Association for Cereal Chemistry.
Otros Autores: Dendy, D. A. V.
Formato: Libro
Idioma:English
Publicado: London : Tropical Products Institute, 1977.
Materias:
Etiquetas: Agregar Etiqueta
Sin Etiquetas, Sea el primero en etiquetar este registro!
LEADER 00989cam a2200241 a 4500
001 EEA.libagro009632
005 20190318095238.0
008 820804s1977####enka#####b####100#0#eng##
020 |a 0859540677 
041 0 |a eng  |b spa 
082 0 0 |a 633.17 
245 0 0 |a Proceedings of a symposium on sorghum and millets for human food :  |b held at the 9th congress of the International Association for Cereal Chemistry in Vienna 11-12th May, 1976 /  |c edited by D.A.V. Dendy. 
260 |a London :  |b Tropical Products Institute,  |c 1977. 
300 |a 138 p. :  |b il. ;  |c 30 cm. 
500 |a Título de la cubierta: Sorghum and millets for human food. 
500 |a Resúmenes en francés y español. 
504 |a Incluye referencias bibliográficas. 
650 0 |a Sorgo  |x Congresos 
650 0 |a Mijo  |2 unbist 
700 1 |a Dendy, D. A. V. 
710 2 |a International Association for Cereal Chemistry. 
740 0 |a Sorghum and millets for human food. 
859 |a AR-BbBCA  |b BIB. AGRONOMIA  |h 633.17  |i D391  |p 1990/1483